000
00224nam a2200097Ia 4500
008
230915s9999 xx 000 0 und d
050
_a
HF 5691 .L53 2011
100
_a
LIAL MAGRARET L.
245
0
_a
BUSINESS MATH
942
_c
BK
999
_c
84109
_d
84109